ბათუმის შოთა რუსთაველის სახელმწიფო უნივერსიტეტის ბიბლიოთეკა

ენის ლოგიკა და ენობრივი სტრუქტურა ლინგვისტურ - ფილოსოფიური თარგმანის თეორიასთან მიმართებით: დისერტაცია / (ბიბ.ჩანაწერი № 52030)

000 -ლიდერი
ფიქსირებული სიგრძის საკონტროლო ველი 01574nam a2200241Ia 4500
001 - საკონტროლო ნომერი
საკონტროლო ველი 19034
003 - საკონტროლო ნომრის იდენტიფიკატორი
საკონტროლო ველი GE_BSU
005 - ბოლო ოპერაციის თარიღი და დრო
საკონტროლო ველი 20220920102432.0
008 - ფიქსირებული სიგრძის მონაცემთა ელემენტები - ზოგადი ინფორმაცია
ფიქსირებული სიგრძის საკონტროლო ველი 181216s2012||||ge |||||||||||||| ||geo||
040 ## - კატალოგიზაციის წყარო
Transcribing agency GE_BSU
041 ## - ენის კოდი
Language code of text/sound track or separate title geo
080 ## - უნივერსალური ათობითი კლასიფიკაციის ინდექსი
Universal Decimal Classification number 81 მ-52
100 ## - მთავარი ჩანაწერი - პიროვნების სახელი
Personal name მელაძე, არმაზ
9 (RLIN) 11681
245 ## - ცნობა სათაურის შესახებ
Title ენის ლოგიკა და ენობრივი სტრუქტურა ლინგვისტურ - ფილოსოფიური თარგმანის თეორიასთან მიმართებით: დისერტაცია /
Statement of responsibility, etc არმაზ მელაძე; სამეცნიერო ხელმძღვანელი ნანა ბოლქვაძე; ბათუმის შოთა რუსთაველის სახ-ფო უნ-ტი.
264 ## - წარმოების, გამოცემის, დისტრიბუციის და სხვა ცნობები
გამოცემის, წარმოების, დისტრიბუციის... ადგილი ბათუმი,
გამოცემის, წარმოების, დისტრიბუციის... თარიღი 2012.
300 ## - ფიზიკური აღწერა
Extent 115 გვ. ;
Other physical details 30 სმ.
653 ## - INDEX TERM--UNCONTROLLED
Uncontrolled term დისერტაცია
653 ## - INDEX TERM--UNCONTROLLED
Uncontrolled term ენათმეცნიერება
653 ## - INDEX TERM--UNCONTROLLED
Uncontrolled term ენის ლოგიკა და ენობრივი სტრუქტურა ლინგვისტურ-ფილოსოფიური თარგმანის თეორიასთან მიმართებით
700 ## - ADDED ENTRY--PERSONAL NAME
Personal name ბოლქვაძე, ნანა
Relator term სამეცნიერო ხელმძღვანელი
9 (RLIN) 11682
710 ## - ADDED ENTRY--CORPORATE NAME
Corporate name or jurisdiction name as entry element ბათუმის შოთა რუსთაველის სახ-ფო უნ-ტი
9 (RLIN) 11683
942 ## - ADDED ENTRY ELEMENTS (KOHA)
Koha item type წიგნი
Source of classification or shelving scheme
ეგზემპლარები
ჩამოწერის სტატუსი დაკარგული ეგზემპლარის სტატუსი კლასიფიკაციის წყარო ან თაროზე გაწყობის სქემა დაზიანების სტატუსი არ გაიცემა მუდმივი მდებარეობა (დაცვის ადგილი) ამჟამინდელი ადგილსამყოფელი შეძენის თარიღი სრული შენახვის შიფრი შტრიხკოდი ბოლო ოპერაციის თარიღი ეგზემპლარის მიმდევრობითი ნომერი (კეტერი?) ფასის ძალაში შესვლის თარიღი ეგზემპლარის სახეობა
        შიდა ფონდი ბათუმის შოთა რუსთაველის სახელმწიფო უნივერსიტეტის მთავარი ბიბლიოთეკა ბათუმის შოთა რუსთაველის სახელმწიფო უნივერსიტეტის მთავარი ბიბლიოთეკა 2018-12-17 81 მ-52 107 დისერტ. 2018-12-17 107 2018-12-17 დისერტაცია